000 00725nam a2200181 i 4500
001 152245
003 ES-MaACL
005 20251011063141.0
008 931025s1896 sp |||| | spa d
100 1 _aBlázquez, Antonio,
_d1859-1950
_929437
245 1 0 _aGuía de Avila
_b: ó descripción de sus monumentos /
_cpor Antonio Blazquez y Delgado-Aguilera.
260 _aAvila :
_b[s.n.],
_c1896 (
_fImp. Cayetano González)
300 _a72 p. ;
_c24 cm.
650 4 _aMonumentos-
_zÁvila.
_9145499
651 7 _aÁvila-
_vGuías turísticas
_2
_9174017
852 _aES-MaACL
_j1569-F-14
_z-- Rust.
_x-- Edic.: 72, [4], , [16] h. : il. -- Las 16 p. son de anuncios publicitarios de Ávila
999 _c152245
_d152245